000 00937nam a22003017a 4500
001 BR2013006159
003 BR-BrBNA
005 20230928104230.0
007 ta
008 230509b bl.||||| |||| 00| 0 por d
040 _aBR-BrBNA
_bpor
_cBiblioteca Nacional de Agricultura
041 _a(Por)
072 _aK10; F40
090 _ K10 BR2013006159
100 1 _aAlmeida, H. de S.
110 1 _aUniversidade Federal de Lavras, MG (Brasil)
_0Tese (Doutorado)
245 1 _aPadrões espaciais e relação espécie-ambiente em ecótonos de floresta estacional decidual
260 3 _aLavras, MG (Brasil):
_c2012.
300 _a105 p.
500 _aSummaries (Eng, Por); Bibliograpghy p. 61-76; 5 tables; 7 illus.
650 _aFLORESTA
650 _aECOLOGIA FLORESTAL
650 _aFERTILIDADE DO SOLO
650 _aECOSSISTEMA
650 _aCONDIÇÃO AMBIENTAL
909 _a202309
_bLucia
_c55
_dLucia Elande
942 _cBK
999 _c78821
_d78821